000 00527nam a2200229Ia 4500
003 IT-RoPAU
008 120407s9999 xx 000 0 und d
040 _aIT-RoPAU
040 _cIT-RoPAU
041 _aita
100 _aEvode Beaucamp
245 _aI profeti d’Israele o il dramma di una alleanza
250 _aCinisello Balsamo
260 _aEdizioni Paoline
260 _c1988
300 _a308 p.
300 _c21 cm
490 _aFame e sete della Parola,3
490 _v1
942 _cBK
999 _c32135
_d32135